| 000 | 01167nam a22003377a 4500 | ||
|---|---|---|---|
| 001 | BR7806468 | ||
| 003 | BR-BrBNA | ||
| 005 | 20230928085747.0 | ||
| 007 | ta | ||
| 008 | 230509b bl.||||| |||| 00| 0 por d | ||
| 040 |
_aBR-BrBNA _bpor _cBiblioteca Nacional de Agricultura |
||
| 041 | _a(Eng) | ||
| 072 |
_aF00 _b0100 |
||
| 090 | _ 0100 BR7806468 | ||
| 100 | 1 | _aBatista, G.T. | |
| 100 | 1 | _aTardin, A.T. | |
| 100 | 1 | _aNovaes, R.A. | |
| 100 | 1 | _aMendonca, F.J. | |
| 100 | 1 | _aLee, D.C.L. | |
| 100 | 1 | _aChen, S.C. | |
| 110 | 1 | _aInstituto de Pesquisas Espaciais, Sao Jose dos Campos, SP (Brasil) | |
| 245 | 1 |
_aInterim report of INPE's crop survey program using combined LANDSAT and aircraft data [sensoriamento remoto, cereal] _bINPE-1289-NTE/124 |
|
| 260 | 3 |
_aSao Jose dos Campos, SP (Brasil): _c1978. |
|
| 300 | _a26 p. | ||
| 500 | _a4 illus.; 8 tables; 3 Maps, scale 1:250,000; Summary (Eng). (*) Documento disponível na(o) Instituto de Pesquisas Espaciais, Sao Jose dos Campos, SP (Brazil) | ||
| 650 | _aLEVANTAMENTO FISIOGRAFICO | ||
| 650 | _aSENSORIAMENTO REMOTO | ||
| 650 | _aCEREAL | ||
| 909 |
_a202309 _bLucia _c55 _dLucia Elande |
||
| 942 | _cBK | ||
| 999 |
_c26179 _d26179 |
||